| 000 | 00639nam a2200217Ia 4500 | ||
|---|---|---|---|
| 003 | OSt | ||
| 005 | 20230425144453.0 | ||
| 008 | 210423s2005 xx 000 0 und d | ||
| 020 | _a8124201706 | ||
| 040 | _cAL | ||
| 041 | _aeng | ||
| 082 |
_a658.15 _223 _bFRAR |
||
| 100 |
_aFRANKS (Ray). _992710 |
||
| 245 | _aArt and science of financial management: implementing an accounting system V7. | ||
| 260 |
_aNew Delhi _bCrest Publishing House _c2005 |
||
| 300 |
_a180 _bPB |
||
| 365 |
_b1142 _cINR |
||
| 440 | _v7 | ||
| 906 | _aaccounting ; an ; Art ; financial ; implementing ; management: ; science ; system ; V7. | ||
| 942 |
_2ddc _cBK |
||
| 999 |
_c161028 _d161028 |
||